[Event "Philadelphia National op 32nd"]
[Site "Philadelphia"]
[Date "2001.11.23"]
[Round "1"]
[White "Blocker, Calvin"]
[Black "Mirabile, Tim"]
[Result "1-0"]
[WhiteElo "2395"]
[BlackElo "2240"]
[PlyCount "75"]
[EventDate "2001.11.23"]
[EventType "swiss"]
[EventRounds "6"]
[EventCountry "USA"]
[SourceTitle "CBM 085 Extra"]
[Source "ChessBase"]
[SourceDate "2002.01.21"]
[SourceVersion "1"]
[SourceVersionDate "2002.01.21"]
[SourceQuality "1"]

1. Nf3 c5 2. c4 Nf6 3. Nc3 e6 4. g3 b6 5. Bg2 Bb7 6. 0-0 Be7 7. Re1 d5 8. cxd5 Nxd5 9. e4 Nb4 10. d4 cxd4 11. Nxd4 0-0 12. Be3 N8c6 13. Nxc6 Nxc6 14. Rc1 Qxd1 15. Rexd1 Rfd8 16. e5 Rxd1+ 17. Rxd1 Rd8 18. Rxd8+ Bxd8 19. Nb5 a6 20. Nd6 Ba8 21. Nc8 b5 22. Na7 Nxa7 23. Bxa8 Nc8 24. Bb7 Nb6 25. Bxa6 b4 26. Bc5 Na4 27. Bxb4 Nxb2 28. Kf1 Bb6 29. Ke2 Na4 30. Bb5 Bc5 31. Bxc5 Nxc5 32. Ke3 f5 33. f3 Kf7 34. Kd4 Nb7 35. Bc6 Nd8 36. Kc5 Ke7 37. f4 g5 38. a4 1-0

[Event "Oberlin op"]
[Site "Oberlin"]
[Date "1999.04.17"]
[Round "3"]
[White "Wojtkiewicz, Aleksander"]
[Black "Blocker, Calvin"]
[Result "0-1"]
[WhiteElo "2570"]
[BlackElo "2390"]
[PlyCount "114"]
[EventDate "1999.04.??"]
[EventType "swiss"]
[EventRounds "5"]
[EventCountry "USA"]
[SourceTitle "EXT 2000"]
[Source "ChessBase"]
[SourceDate "1999.11.16"]
[SourceVersion "1"]
[SourceVersionDate "1999.11.16"]
[SourceQuality "1"]

1. Nf3 Nf6 2. c4 g6 3. g3 Bg7 4. Bg2 0-0 5. d4 c5 6. Nc3 d6 7. 0-0 Nc6 8. dxc5 dxc5 9. Bf4 Nh5 10. Be3 Be6 11. Nd5 b6 12. Qd2 Na5 13. b3 Bxa1 14. Rxa1 f6 15. Bh6 Rf7 16. Rd1 Nc6 17. h3 Bd7 18. Nc3 Be8 19. Qe3 Qc8 20. Nd5 Ng7 21. g4 Qb7 22. Nh4 e6 23. Nc3 Qe7 24. f4 Rd8 25. Rf1 Nd4 26. Qg3 Bc6 27. e3 g5 28. fxg5 Bxg2 29. Qxg2 fxg5 30. Rxf7 Kxf7 31. Ne4 gxh4 32. Bg5 Qd7 33. Bxd8 Qxd8 34. exd4 Qxd4+ 35. Qf2+ Qxf2+ 36. Kxf2 e5 37. Ng5+ Kf6 38. Nf3 Ne6 39. Nxh4 Nf4 40. Kg3 Ne2+ 41. Kf3 Nc1 42. Ke4 Nxa2 43. Nf3 Nc3+ 44. Ke3 h6 45. h4 Ke6 46. Kd2 Ne4+ 47. Ke3 Nd6 48. Nd2 Kf6 49. Ne4+ Nxe4 50. Kxe4 Ke6 51. g5 hxg5 52. hxg5 a6 53. g6 b5 54. b4 cxb4 55. c5 b3 56. Kd3 e4+ 57. Kc3 e3 0-1

[Event "Washington Eastern op"]
[Site "Washington DC"]
[Date "1998.12.27"]
[Round "3"]
[White "Castaneda, Nelson"]
[Black "Blocker, Calvin"]
[Result "1-0"]
[WhiteElo "2365"]
[BlackElo "2380"]
[PlyCount "75"]
[EventDate "1998.12.??"]
[EventType "swiss"]
[EventRounds "8"]
[EventCountry "USA"]
[SourceTitle "EXT 2000"]
[Source "ChessBase"]
[SourceDate "1999.11.16"]
[SourceVersion "1"]
[SourceVersionDate "1999.11.16"]
[SourceQuality "1"]

1. e4 c6 2. d4 d5 3. Nd2 dxe4 4. Nxe4 Nd7 5. Nf3 Ngf6 6. Nxf6+ Nxf6 7. Bc4 Bf5 8. 0-0 e6 9. Re1 Be7 10. Ne5 h6 11. c3 0-0 12. Qf3 a5 13. a4 Nd5 14. Bd2 Rc8 15. Re2 Bg5 16. Rd1 Qc7 17. Bxg5 hxg5 18. g3 Rcd8 19. Qh5 Qe7 20. Rde1 Qf6 21. Nf3 g4 22. Nh4 g6 23. Qh6 Qg7 24. Qg5 Qf6 25. Qh6 Qg7 26. Qc1 Qf6 27. Re5 Kg7 28. Bf1 Rh8 29. Qd2 Rh6 30. c4 Ne7 31. Bg2 Rdh8 32. Rxa5 g5 33. Nxf5+ Nxf5 34. d5 cxd5 35. cxd5 Rxh2 36. dxe6 Qh6 37. Qc3+ f6 38. Qc7+ 1-0

[Event "World op 26th"]
[Site "Philadelphia"]
[Date "1998.??.??"]
[Round "9"]
[White "Epishin, Vladimir"]
[Black "Blocker, Calvin"]
[Result "1-0"]
[WhiteElo "2590"]
[BlackElo "2380"]
[PlyCount "85"]
[EventDate "1998.06.27"]
[EventType "swiss"]
[EventRounds "9"]
[EventCountry "USA"]
[SourceTitle "EXT 1999"]
[Source "ChessBase"]
[SourceDate "1998.11.16"]
[SourceVersion "1"]
[SourceVersionDate "1998.11.16"]
[SourceQuality "1"]

1. d4 Nf6 2. c4 e6 3. Nf3 b6 4. g3 Ba6 5. Qb3 Nc6 6. Bd2 Bb7 7. Bc3 Ne4 8. a3 d5 9. Bg2 Be7 10. 0-0 0-0 11. Rd1 Nxc3 12. Qxc3 Bf6 13. cxd5 exd5 14. Qc2 Ne7 15. Nc3 c6 16. Rac1 g6 17. b4 a6 18. e3 Nf5 19. a4 Be7 20. b5 f6 21. bxc6 Bxc6 22. Qb3 Kh8 23. Ne1 b5 24. axb5 Rb8 25. Rb1 axb5 26. Nxd5 Bxd5 27. Bxd5 Bd6 28. Bg2 Ne7 29. Nd3 Qb6 30. Rdc1 Rfc8 31. Rxc8+ Nxc8 32. h4 Kg7 33. h5 Ne7 34. Bf3 g5 35. Qe6 h6 36. Bd5 Nxd5 37. Qxd5 b4 38. Qf5 Bf8 39. Rc1 Qd8 40. Rc6 Qe7 41. Nc5 b3 42. Rc7 Qxc7 43. Ne6+ 1-0

[Event "World op 24th"]
[Site "Philadelphia"]
[Date "1996.??.??"]
[Round "?"]
[White "Hulse, Brian"]
[Black "Blocker, Calvin"]
[Result "0-1"]
[WhiteElo "2260"]
[BlackElo "2380"]
[PlyCount "84"]
[EventDate "1996.06.29"]
[EventType "swiss"]
[EventRounds "9"]
[EventCountry "USA"]
[SourceTitle "EXT 2001"]
[Source "ChessBase"]
[SourceDate "2000.11.22"]
[SourceVersion "1"]
[SourceVersionDate "2000.11.22"]
[SourceQuality "1"]

1. d4 Nf6 2. Nf3 d6 3. c4 c6 4. Nc3 Bg4 5. e3 Nbd7 6. h3 Bh5 7. Be2 e5 8. dxe5 dxe5 9. 0-0 Be7 10. Nh4 Bxe2 11. Qxe2 g6 12. Nf3 Qc7 13. Qc2 0-0 14. a3 a5 15. Rb1 b5 16. Ne4 Nxe4 17. Qxe4 b4 18. Qc2 Nc5 19. b3 Rfd8 20. a4 Rd3 21. Bb2 f6 22. Ba1 Rad8 23. Rfe1 Qd7 24. e4 Rxf3 25. gxf3 Qxh3 26. Re3 Ne6 27. Qe2 Bc5 28. Qf1 Qxf1+ 29. Kxf1 Bxe3 30. fxe3 Rd2 31. f4 exf4 32. exf4 Kf7 33. f5 gxf5 34. exf5 Nf4 35. Ke1 Re2+ 36. Kf1 Rh2 37. Kg1 Rh5 38. Rd1 Rxf5 39. Rd7+ Kg6 40. Rd6 c5 41. Ra6 Ne2+ 42. Kg2 Nc1 0-1

[Event "Atlantic op 26th"]
[Site "Washington DC"]
[Date "1994.08.28"]
[Round "4"]
[White "Blocker, Calvin"]
[Black "Alexopoulos, Georgios"]
[Result "0-1"]
[WhiteElo "2380"]
[BlackElo "2255"]
[PlyCount "102"]
[EventDate "1994.08.26"]
[EventType "swiss"]
[EventRounds "5"]
[EventCountry "USA"]
[SourceTitle "EXT 2004"]
[Source "ChessBase"]
[SourceDate "2003.11.25"]
[SourceVersion "1"]
[SourceVersionDate "2003.11.25"]
[SourceQuality "1"]

1. Nf3 Nf6 2. d4 d5 3. c4 c6 4. Nc3 e6 5. cxd5 exd5 6. Qc2 g6 7. Bg5 Be7 8. e4 dxe4 9. Bxf6 Bxf6 10. Qxe4+ Qe7 11. Bc4 Bf5 12. Qxe7+ Kxe7 13. 0-0-0 Rd8 14. Rhe1+ Kf8 15. h3 h5 16. Ne4 Bxe4 17. Rxe4 Nd7 18. Rf4 Kg7 19. g4 Nb6 20. Bb3 Nd5 21. Re4 hxg4 22. hxg4 Re8 23. Rde1 Rxe4 24. Rxe4 Kf8 25. g5 Be7 26. Kc2 Rd8 27. a3 Rd6 28. Rg4 f6 29. Bxd5 Rxd5 30. Nh4 Kf7 31. gxf6 Bxf6 32. Nxg6 Rxd4 33. f4 Rc4+ 34. Kb3 Re4 35. Nh4 Re3+ 36. Kc4 Bxb2 37. Nf5 Rxa3 38. Nd6+ Ke6 39. Nxb7 Kf5 40. Rh4 Rf3 41. Nd6+ Ke6 42. Ne4 Ra3 43. Rh5 a5 44. Nc5+ Kf7 45. Rf5+ Kg6 46. Rg5+ Kh6 47. Rf5 Bg7 48. Nb3 a4 49. Nd4 Ra1 50. Ra5 Rc1+ 51. Kb4 Bxd4 0-1

[Event "World op 22nd"]
[Site "Philadelphia"]
[Date "1994.??.??"]
[Round "?"]
[White "Dunne, Alex"]
[Black "Blocker, Calvin"]
[Result "1-0"]
[WhiteElo "2270"]
[BlackElo "2380"]
[PlyCount "65"]
[EventDate "1994.06.??"]
[EventType "swiss"]
[EventRounds "9"]
[EventCountry "USA"]
[SourceTitle "EXT 1997"]
[Source "ChessBase"]
[SourceDate "1996.11.15"]
[SourceVersion "1"]
[SourceVersionDate "1996.11.15"]
[SourceQuality "1"]

1. e4 c6 2. d4 d5 3. e5 Bf5 4. Nf3 e6 5. Be2 c5 6. 0-0 Nc6 7. c3 Bg4 8. Be3 cxd4 9. cxd4 Nge7 10. Nbd2 Nf5 11. Rc1 Bb4 12. a3 Bxd2 13. Qxd2 0-0 14. h3 Bxf3 15. Bxf3 Qb6 16. Bg4 Na5 17. Bxf5 exf5 18. Qd3 Qe6 19. Rc5 b6 20. Rc3 Rfc8 21. Rfc1 h6 22. b3 Qd7 23. Bd2 Rxc3 24. Qxc3 Rd8 25. Qg3 Kh7 26. Bxa5 bxa5 27. Qc3 Qb5 28. a4 Qe2 29. Qxa5 Rb8 30. Qxd5 Qd2 31. Qc4 Rd8 32. Qc2 Qg5 33. Rd1 1-0

[Event "Columbus Cardinal op"]
[Site "Columbus"]
[Date "1988.01.16"]
[Round "2"]
[White "Blankenau, Mike P"]
[Black "Blocker, Calvin"]
[Result "0-1"]
[WhiteElo "2240"]
[BlackElo "2390"]
[PlyCount "104"]
[EventDate "1988.01.15"]
[EventType "swiss"]
[EventRounds "5"]
[EventCountry "USA"]
[SourceTitle "EXT 2021"]
[Source "ChessBase"]
[SourceDate "2020.10.23"]
[SourceVersion "1"]
[SourceVersionDate "2020.10.23"]
[SourceQuality "1"]

1. e4 c6 2. d4 d5 3. Nc3 dxe4 4. Nxe4 Nd7 5. Nf3 Ngf6 6. Nxf6+ Nxf6 7. Bc4 Bf5 8. 0-0 e6 9. Bg5 Bd6 10. h3 Qc7 11. Bd3 Bxd3 12. Qxd3 0-0-0 13. Nd2 Bf4 14. Ne4 Bxg5 15. Nxg5 c5 16. Qa3 Rd5 17. Nf3 cxd4 18. Qxa7 Kd7 19. Qa4+ b5 20. Qb3 Ke8 21. a4 Qc4 22. Qd3 Qxd3 23. cxd3 Nd7 24. b4 e5 25. a5 Nb8 26. Rfc1 Kd7 27. Nd2 Na6 28. Rab1 Rc8 29. Rxc8 Kxc8 30. Kf1 Kb7 31. Ke2 Rd6 32. Rb2 Rc6 33. Ne4 Nc7 34. Nc5+ Ka7 35. Ne4 Nd5 36. g3 f5 37. Nd2 Nc3+ 38. Kf3 Na4 39. Rb1 Rc3 40. Ke2 Ra3 41. Rc1 Nc3+ 42. Ke1 e4 43. dxe4 fxe4 44. Kf1 d3 45. Ke1 Kb8 46. Kf1 Kb7 47. Ke1 Ra2 48. Nb3 Ne2 49. Ra1 Rb2 50. Nc5+ Ka7 51. Nxe4 Nd4 52. Kd1 Nb3 0-1

[Event "Midwest Masters op"]
[Site "Chicago"]
[Date "1987.??.??"]
[Round "3"]
[White "Benjamin, Joel"]
[Black "Blocker, Calvin"]
[Result "1-0"]
[WhiteElo "2565"]
[BlackElo "2370"]
[PlyCount "82"]
[EventDate "1987.??.??"]
[EventType "swiss"]
[EventRounds "5"]
[EventCountry "USA"]
[SourceTitle "EXT 1999"]
[Source "ChessBase"]
[SourceDate "1998.11.16"]
[SourceVersion "1"]
[SourceVersionDate "1998.11.16"]
[SourceQuality "1"]

1. d4 Nf6 2. c4 e6 3. Nf3 c5 4. d5 exd5 5. cxd5 d6 6. Nc3 g6 7. Bg5 Bg7 8. e3 h6 9. Bh4 0-0 10. Nd2 Nbd7 11. Be2 a6 12. a4 Re8 13. 0-0 g5 14. Bg3 Ne5 15. Qb1 g4 16. Bxe5 Rxe5 17. Nc4 Rh5 18. Rd1 Bf5 19. Bd3 Bd7 20. a5 Qe7 21. Ne2 Rg5 22. Ng3 Rd8 23. Nb6 h5 24. Nxd7 Nxd7 25. Nf5 Qf8 26. Bf1 Bf6 27. Kh1 Kh8 28. Ra4 Re8 29. Be2 Rg6 30. h3 Ne5 31. hxg4 hxg4 32. g3 Kg8 33. Kg2 Rb8 34. Rh1 b5 35. Re4 Qc8 36. Rh5 Qb7 37. Qh1 Re8 38. Qd1 Bg7 39. Bxg4 Rxg4 40. Rxg4 Nxg4 41. Qxg4 f6 1-0

[Event "Philadelphia op"]
[Site "Philadelphia"]
[Date "1987.??.??"]
[Round "?"]
[White "Blocker, Calvin"]
[Black "Dolgitser, Konstantin"]
[Result "1-0"]
[WhiteElo "2370"]
[BlackElo "2295"]
[PlyCount "61"]
[EventDate "1987.06.??"]
[EventType "swiss"]
[EventRounds "10"]
[EventCountry "USA"]
[SourceTitle "EXT 1997"]
[Source "ChessBase"]
[SourceDate "1996.11.15"]
[SourceVersion "1"]
[SourceVersionDate "1996.11.15"]
[SourceQuality "1"]

1. e4 c5 2. Nf3 Nc6 3. d4 cxd4 4. Nxd4 Nf6 5. Nc3 d6 6. Be3 e6 7. Be2 Be7 8. 0-0 0-0 9. f4 a6 10. a4 Qc7 11. Kh1 Bd7 12. Nb3 Nb4 13. a5 Bc6 14. Bb6 Qc8 15. Bf3 d5 16. e5 Nd7 17. Be3 Qc7 18. Qd2 b6 19. Rfc1 bxa5 20. Nxa5 Rfb8 21. Ne2 Rb5 22. Nxc6 Nxc6 23. c4 dxc4 24. Rxc4 Bc5 25. Rac1 Rd8 26. Bxc5 Nxc5 27. Qc3 Nd3 28. Rxc6 Nf2+ 29. Kg1 Qa7 30. Qd4 Nh3+ 31. Kf1 1-0

[Event "Midwest Masters op"]
[Site "Chicago"]
[Date "1987.??.??"]
[Round "5"]
[White "Martinovsky, Eugene Simeon"]
[Black "Blocker, Calvin"]
[Result "1/2-1/2"]
[WhiteElo "2255"]
[BlackElo "2370"]
[PlyCount "130"]
[EventDate "1987.??.??"]
[EventType "swiss"]
[EventRounds "5"]
[EventCountry "USA"]
[SourceTitle "EXT 1999"]
[Source "ChessBase"]
[SourceDate "1998.11.16"]
[SourceVersion "1"]
[SourceVersionDate "1998.11.16"]
[SourceQuality "1"]

1. d4 Nf6 2. Nf3 d6 3. g3 Bg4 4. Bg2 Nc6 5. h3 Bh5 6. 0-0 e5 7. dxe5 dxe5 8. Nc3 Be7 9. Be3 0-0 10. Nh4 Qc8 11. g4 Rd8 12. Qe1 Bg6 13. Nxg6 hxg6 14. Bg5 Nd4 15. Rc1 c6 16. e3 Ne6 17. Bh4 Qc7 18. a3 Rd7 19. Rd1 Rad8 20. Qe2 Qb6 21. Rxd7 Rxd7 22. Rb1 Ne4 23. Bxe4 Bxh4 24. Rd1 Rxd1+ 25. Nxd1 Nc5 26. Bg2 a5 27. Kf1 a4 28. Qc4 Qd8 29. Ke1 Be7 30. Nc3 Kf8 31. Ne4 Qa5+ 32. Qc3 Qxc3+ 33. Nxc3 f5 34. Kd2 Bh4 35. Ke2 Ke7 36. Na2 Kd6 37. Nc3 Bf6 38. e4 fxg4 39. hxg4 Bg5 40. Kd1 b5 41. Bf1 Bh4 42. f3 Bg5 43. Ne2 Be3 44. Nc1 Ne6 45. c3 Nc7 46. c4 Bxc1 47. Kxc1 Kc5 48. cxb5 cxb5 49. Kd2 Ne6 50. Be2 Nd4 51. Bd1 Kc4 52. Ke3 g5 53. Kd2 Nb3+ 54. Bxb3+ Kxb3 55. Kc1 b4 56. axb4 Kxb4 57. Kc2 Kc4 58. Kd2 Kb3 59. Kc1 a3 60. bxa3 Kxa3 61. Kc2 Kb4 62. Kb2 Kc4 63. Kc2 Kd4 64. Kd2 g6 65. Ke2 Kc3 1/2-1/2

[Event "Philadelphia op"]
[Site "Philadelphia"]
[Date "1987.??.??"]
[Round "?"]
[White "Miles, Anthony John"]
[Black "Blocker, Calvin"]
[Result "1-0"]
[WhiteElo "2565"]
[BlackElo "2370"]
[PlyCount "83"]
[EventDate "1987.06.??"]
[EventType "swiss"]
[EventRounds "10"]
[EventCountry "USA"]
[SourceTitle "EXT 1997"]
[Source "ChessBase"]
[SourceDate "1996.11.15"]
[SourceVersion "1"]
[SourceVersionDate "1996.11.15"]
[SourceQuality "1"]

1. d4 Nf6 2. Nf3 g6 3. Bg5 Bg7 4. Nbd2 d6 5. e4 0-0 6. c3 c5 7. dxc5 dxc5 8. Bc4 Nc6 9. h3 b6 10. 0-0 Bb7 11. Qe2 Nd7 12. Rad1 Qc7 13. Bd5 Nf6 14. Bb3 h6 15. Be3 Rad8 16. Nh4 Na5 17. Bc2 e5 18. Rfe1 Nh5 19. Nhf3 a6 20. Nc4 Nc6 21. a4 Rfe8 22. Rxd8 Rxd8 23. Rd1 Bc8 24. Rxd8+ Nxd8 25. Qd2 Kh7 26. Ncxe5 Ne6 27. Nc4 Bf8 28. e5 Bb7 29. Nh2 Qc6 30. f3 Ng3 31. Ng4 h5 32. Nf6+ Kh8 33. Qd7 Qxd7 34. Nxd7 b5 35. Nxf8 Nxf8 36. Nd6 Bd5 37. axb5 axb5 38. Bxc5 Ne6 39. Bf2 Ne2+ 40. Kf1 N2f4 41. Nxf7+ Kg8 42. Nd6 1-0

[Event "Midwest Masters op"]
[Site "Chicago"]
[Date "1987.??.??"]
[Round "2"]
[White "Schiller, Eric Andrew"]
[Black "Blocker, Calvin"]
[Result "0-1"]
[WhiteElo "2240"]
[BlackElo "2370"]
[PlyCount "84"]
[EventDate "1987.??.??"]
[EventType "swiss"]
[EventRounds "5"]
[EventCountry "USA"]
[SourceTitle "EXT 1999"]
[Source "ChessBase"]
[SourceDate "1998.11.16"]
[SourceVersion "1"]
[SourceVersionDate "1998.11.16"]
[SourceQuality "1"]

1. e4 c5 2. Nf3 e6 3. d4 cxd4 4. Nxd4 Nf6 5. Nc3 Nc6 6. Ndb5 d6 7. Bf4 e5 8. Bg5 a6 9. Na3 b5 10. Nd5 Be7 11. Nxe7 Nxe7 12. Bxf6 gxf6 13. Qf3 f5 14. Bd3 Bb7 15. 0-0-0 Qb6 16. g4 fxe4 17. Bxe4 d5 18. Bf5 0-0 19. Qg3 Qh6+ 20. Rd2 b4 21. Nb1 f6 22. Re1 Kh8 23. Bd3 Nc6 24. f3 Rac8 25. Kd1 a5 26. Bf5 Rcd8 27. h4 Qg7 28. c3 Ba6 29. f4 e4 30. Qe3 bxc3 31. Qxc3 Ne7 32. Qxa5 Nxf5 33. Qxa6 Qxg4+ 34. Qe2 Qxf4 35. Nc3 e3 36. Rd3 d4 37. Nb5 Qe5 38. a4 Qd5 39. Qg4 Rg8 40. Qf4 Rg2 41. b3 Rc8 42. Nxd4 Qc5 0-1

[Event "New York op"]
[Site "New York"]
[Date "1986.??.??"]
[Round "?"]
[White "Blocker, Calvin"]
[Black "De Firmian, Nick E"]
[Result "0-1"]
[WhiteElo "2380"]
[BlackElo "2520"]
[PlyCount "74"]
[EventDate "1986.03.??"]
[EventType "swiss"]
[EventRounds "9"]
[EventCountry "USA"]
[SourceTitle "EXT 1997"]
[Source "ChessBase"]
[SourceDate "1996.11.15"]
[SourceVersion "1"]
[SourceVersionDate "1996.11.15"]
[SourceQuality "1"]

1. d4 Nf6 2. c4 e6 3. Nf3 b6 4. Nc3 Bb4 5. Qb3 a5 6. a3 a4 7. Qc2 Bxc3+ 8. Qxc3 Bb7 9. Bg5 h6 10. Bh4 d6 11. e3 Nbd7 12. Rd1 Ra5 13. Bd3 Qa8 14. Be2 Ne4 15. Qc2 g5 16. Bg3 h5 17. h3 Rg8 18. d5 exd5 19. Nd4 dxc4 20. Bxh5 Nxg3 21. fxg3 Ne5 22. Qh7 Rf8 23. 0-0 Be4 24. Qh6 Qc8 25. Qf6 Qd7 26. Ne6 Qe7 27. Nxf8 Qxf6 28. Rxf6 Kxf8 29. Rdf1 Bd5 30. e4 Bxe4 31. Bxf7 Ke7 32. Re6+ Kd7 33. Ref6 Rb5 34. Be6+ Ke7 35. h4 Rxb2 36. Bh3 g4 37. Re6+ Kxe6 0-1

[Event "Midwest Masters op"]
[Site "Chicago"]
[Date "1986.??.??"]
[Round "1"]
[White "Blocker, Calvin"]
[Black "Van Meter, Lester"]
[Result "0-1"]
[WhiteElo "2380"]
[BlackElo "2260"]
[PlyCount "68"]
[EventDate "1986.??.??"]
[EventType "swiss"]
[EventRounds "6"]
[EventCountry "USA"]
[SourceTitle "EXT 2000"]
[Source "ChessBase"]
[SourceDate "1999.11.16"]
[SourceVersion "1"]
[SourceVersionDate "1999.11.16"]
[SourceQuality "1"]

1. Nf3 d5 2. c4 dxc4 3. e3 Nf6 4. Bxc4 e6 5. 0-0 c5 6. d4 Nc6 7. Qe2 a6 8. Nc3 Qc7 9. Rd1 Be7 10. a3 b5 11. Ba2 0-0 12. dxc5 Bxc5 13. b4 Bb6 14. Bb2 Bb7 15. Rac1 Rfd8 16. Ng5 Rxd1+ 17. Qxd1 Qe5 18. h4 Bxe3 19. fxe3 Qxe3+ 20. Kh1 Qf2 21. Qe2 Qxh4+ 22. Nh3 Nd4 23. Qd3 Nf5 24. Kg1 Ng4 25. Rd1 Nge3 26. Ne2 Nxd1 27. Qxd1 Rd8 28. Qc1 Qg4 29. Nhf4 Bxg2 30. Nxg2 Qxe2 31. Bb3 h6 32. Bc3 Rc8 33. Qa1 Ne3 34. Nf4 Qg4+ 0-1